Acción violenta : (Registro nro. 30436)

Detalles MARC
000 -CABECERA
Longitud fija campo de control 00897nam a2200229 a 4500
003 - • IDENTIFICADOR DELl NÚMERO DE CONTROL
Identificador del número de control CO-ViMGA
008 - • CÓDIGOS DE INFORMACIÓN DE LONGITUD FIJA
Códigos de información de longitud fija 141112s2004 ck r 000 u spa d
040 ## - FUENTE DE LA CATALOGACIÓN
Centro catalogador de origen CO-ViMGA
Lengua de catalogación spa
Centro transcriptor CO-ViMGA
082 04 - • NÚMERO DE LA CLASIFICACIÓN DECIMAL DEWEY
Número de clasificación (R) 301.633 M624a
100 1# - • PUNTO DE ACCESO PRINCIPAL-NOMBRE DE PERSONA
Nombre de persona Mockus, Antanas
245 10 - • TITULO PROPIAMENTE DICHO
Título Acción violenta :
Resto del título Respuesta de la sociedad civil al conflicto armado
300 ## - • DESCRIPCIÓN FÍSICA
Extensión 31
490 ## - • MENCIÓN DE SERIE
Mención de serie Apuntes de la Alcaldía
505 ## - • NOTA DE CONTENIDO CON FORMATO
Nota de contenido con formato Los límites de la guerra 6 - - Sanción al terrorismo 9 - - Actuar de manera no violenta 12
590 ## - NOTAS LOCALES
Nota local Forma de adquisición : Donación - - Precio : 10000 - - Fecha de adquisición : Julio 2007
650 14 - • PUNTO DE ACCESO ADICIONAL DE MATERIA - TÉRMINO DE MATERIA
Término de materia o nombre geográfico como elemento inicial CONFLICTO ARMADO - Bogotá (COLOMBIA)
650 14 - • PUNTO DE ACCESO ADICIONAL DE MATERIA - TÉRMINO DE MATERIA
Término de materia o nombre geográfico como elemento inicial MOVIMIENTOS SOCIALES - Bogotá (COLOMBIA)
650 14 - • PUNTO DE ACCESO ADICIONAL DE MATERIA - TÉRMINO DE MATERIA
Término de materia o nombre geográfico como elemento inicial RESISTENCIA CIVIL - Bogotá (COLOMBIA)
942 ## - ENTRADA DE ELEMENTOS AGREGADOS (KOHA)
Fuente de clasificaión o esquema Dewey Decimal Classification
Koha [por defecto] tipo de item LIbro
Existencias
Perdido Fuente de clasificación o esquema Estado Físico No para préstamo Forma de adquisición Localización permanente Localización actual Fecha adquisición Serie de enumeración / cronolog&íacute;a Préstamos totales Signatura completa Código de barras Fecha última consulta Número de copia Fecha del precio de reemplazo Tipo de item de Koha
  Dewey Decimal Classification     Sala General Segundo Piso Biblioteca Pública Germán Arciniegas - Villavicencio Biblioteca Pública Germán Arciniegas - Villavicencio 12/04/2015 Volumen. 1 | 11/jun/2009   301.633 M624a 21892 12/04/2015 Ej. 1 12/04/2015 LIbro









Instituto Departamental de Cultura del Meta - Red Departamental de Bibliotecas Públicas del Meta.